Asbestos (Record no. 73662)
[ view plain ]
| 000 -LEADER | |
|---|---|
| fixed length control field | 01655cam a2200265 4500 |
| 001 - CONTROL NUMBER | |
| control field | ABS67126 |
| 008 - FIXED-LENGTH DATA ELEMENTS--GENERAL INFORMATION | |
| fixed length control field | 031028n2003 000 0 eng u |
| 035 ## - SYSTEM CONTROL NUMBER | |
| System control number | (Sirsi) u124073 |
| 100 ## - MAIN ENTRY--PERSONAL NAME | |
| Personal name | Trevis, T. |
| 245 ## - TITLE STATEMENT | |
| Title | Asbestos |
| Remainder of title | your duty to manage it |
| 260 ## - PUBLICATION, DISTRIBUTION, ETC. | |
| Date of publication, distribution, etc. | 2003 |
| 490 ## - SERIES STATEMENT | |
| Series statement | RICS Business |
| Volume/sequential designation | September 2003, 15-16(2) |
| 520 ## - SUMMARY, ETC. | |
| Summary, etc. | Examines the duty of property owners, occupiers and managers to identify and control asbestos-containing material buildings, with a duty to manage becoming part of health and safety legislation on 21 May 2004. Looks at the rising incidence of asbestosis-related diseases contracted during maintenance work and the recognition that all asbestos types are carcinogenic. Highlights the difficulty of identifying asbestos-containing material, especially where asbestos is combined with other material, and the appropriateness of an asbestos management plan rather than removal. Summarises who is a potential duty holder and the extent of the duty to manage. States that RICS is setting up a certification scheme with the Asbestos Removers Contractors Association to provide training for members wishing to become asbestos inspectors. Table covers a precautionary approach to maintenance. |
| 590 ## - LOCAL NOTE (RLIN) | |
| Local note | ABS |
| 650 ## - SUBJECT ADDED ENTRY--TOPICAL TERM | |
| Topical term or geographic name entry element | ASBESTOS INSPECTORS |
| 650 ## - SUBJECT ADDED ENTRY--TOPICAL TERM | |
| Topical term or geographic name entry element | MANAGEMENT-HEALTH AND SAFETY-HAZARDOUS SUBSTANCES-ASBESTOS |
| 650 ## - SUBJECT ADDED ENTRY--TOPICAL TERM | |
| Topical term or geographic name entry element | CARCINOGENS |
| 650 ## - SUBJECT ADDED ENTRY--TOPICAL TERM | |
| Topical term or geographic name entry element | DUTY TO MANAGE |
| 650 ## - SUBJECT ADDED ENTRY--TOPICAL TERM | |
| Topical term or geographic name entry element | CONTROL OF ASBESTOS AT WORK REGULATIONS 2002 |
| 650 ## - SUBJECT ADDED ENTRY--TOPICAL TERM | |
| Topical term or geographic name entry element | ASBESTOS-CONTAINING MATERIALS |
| 650 ## - SUBJECT ADDED ENTRY--TOPICAL TERM | |
| Topical term or geographic name entry element | Refurbishment |
| 9 (RLIN) | 6264 |
| 650 ## - SUBJECT ADDED ENTRY--TOPICAL TERM | |
| Topical term or geographic name entry element | SURCHILD V GLENHAVEN |
| 690 ## - LOCAL SUBJECT ADDED ENTRY--TOPICAL TERM (OCLC, RLIN) | |
| Topical term or geographic name as entry element | BUILT ENVIRONMENT-BUILDING STANDARDS |
| 942 ## - ADDED ENTRY ELEMENTS (KOHA) | |
| Suppress in OPAC | 0 |
| Withdrawn status | Lost status | Source of classification or shelving scheme | Damaged status | Not for loan | Home library | Current library | Shelving location | Date acquired | Total Checkouts | Full call number | Barcode | Date last seen | Copy number | Price effective from | Koha item type |
|---|---|---|---|---|---|---|---|---|---|---|---|---|---|---|---|
| Dewey Decimal Classification | London | London | Journal article | 28/10/2003 | ABS67126 | 124073-1001 | 06/08/2019 | 1 | 06/08/2019 | Journal article |